000 00669nam a2200205 a 4500
001 000014745
005 20240412074241.0
008 100120s2007 dr r 001 0 spa d
020 _z9789945420272
040 _aDO-SdBNP
_bspa
_cBNPHU
082 _aRD861.44
_bM516m
100 1 _aMejía, Franklin,
_d1964-
_933430
245 1 0 _aMateria gris /
_cFranklin Mejía.
260 _aSan Francisco de Macorís, República Dominicana :
_bNacional :
_bÁngeles de Fierro,
_c2007.
300 _a126 p. ;
_c22 cm.
590 _aInventariado, 2018/BT
650 0 _aPoesía dominicana
_966
650 0 _aLiteratura dominicana.
_967
910 _aValidado. Control de calidad. MMOLINA
999 _c14328
_d14328